ORTHODONTICS current principles and techniques

Guardat en:
Dades bibliogràfiques
Autor principal: GRABER, W. Lee
Format: Llibre
Idioma:anglès
Publicat: Elsevier, 2017
Etiquetes: Afegir etiqueta
Sense etiquetes, Sigues el primer a etiquetar aquest registre!

MARC

LEADER 00000nam a22000007a 4500
008 201217b ||||| |||| 00| 0 eng d
020 |a 978-0-323-37832-1 
100 |a GRABER, W. Lee 
245 |a ORTHODONTICS current principles and techniques  |c / Lee W. Graber … [et al.]  |g xvii, 1016p.; ill. 
250 |b  6th ed. 
260 |b Elsevier,   |c 2017  |h  Missouri, USA  |i 685081  |l RK521 .Or8  |m Orthodontics. 
500 |a It includes references and index 
942 |a lcc  |c BK  |e ADEYEYE.Y.S.  |f 17/12.2020 
999 |c 384  |d 384